000 04191nab a2200277 i 4500
003 BR-BrBNA
005 20251003084109.0
008 251003b2022 bl.ar|pooa||| 00| 0 eng |
040 _aBR-BrBNA
_beng
072 _aF70
072 _aF40
072 _aP01
100 _aSantos, Miguel da Silva
100 _aEndres Júnior, Delio
100 _aDroste, Annette
245 _aDistribution of Pleroma asperius (Melastomataceae) in Rio Grande do Sul, Brazil: spatial analysis for conservation strategies
500 _aPublicação on-line; Bibliography p. 11-14 (84 ref.); 2 tables; 4 illus.; Summaries (En, Pt)
520 _a Abstract Pleroma asperius is a shrubby Melastomataceae endemic to southern Brazil and threatened with extinction in the Rio Grande do Sul (RS) state. Aiming to better understand the distribution of the species in different environments in RS and contribute to its conservation, a literature review, searches on online platforms and field expeditions were carried out. From 270 records obtained, ninety-one presented location data and were treated as distinct occurrence points, six of them located in Conservation Units (CUs). Maps for P. asperius occurrence (82 non-overlapping points) were constructed, with layers referring to relief, biomes with phytogeographic regions, and hydrographic basins. Most points are below 50 m.a.s.l. in altitude (86.8%). The Pampa biome and Pioneer Formations have the highest percentages of occurrence points (74.4 and 71.9%, respectively). The interpolation of the occurrence points with environmental data characterized the preferential distribution of P. asperius in low-altitude areas, especially in wetlands and in the Pioneer Formations. These environments undergo intense changes by anthropic interventions. We draw attention to the low number of occurrence points in UCs. We still recommend to review the conservation status of P. asperius, include it for recomposing vegetation in degraded areas and create more CUs in the Pampa biome. Key words: ecological niche, endemic species, pioneer vegetation, Tibouchina asperior. Resumo Pleroma asperius é uma Melastomataceae arbustiva, endêmica do Sul do Brasil e ameaçada de extinção no estado do Rio Grande do Sul (RS). Com objetivo de melhor compreender a distribuição da espécie nos diferentes ambientes do RS, contribuindo para a sua conservação, foram realizadas revisão bibliográfica, buscas em plataformas digitais e expedições ao campo. De 270 registros obtidos, noventa e um apresentaram dados de localização e puderam ser tratados como pontos de ocorrência distintos, dos quais seis localizados em Unidades de Conservação (UCs). Foram construídos mapas de ocorrência de P. asperius (82 pontos não sobrepostos), com camadas referentes a relevo, biomas com regiões fitogeográficas, e bacias hidrográficas. A maioria dos pontos está abaixo de 50 m de altitude (86,8%). O bioma Pampa e as Formações Pioneiras tiveram as maiores porcentagens de pontos de ocorrência (74,4 e 71,9%, respectivamente). A interpolação dos pontos de ocorrência com dados ambientais caracterizou a distribuição preferencial de P. asperius em áreas de baixa altitude, especialmente em áreas úmidas e nas Formações Pioneiras no RS. Esses ambientes sofrem intensas mudanças por intervenções antrópicas. Nós chamamos atenção para o baixo número de pontos de ocorrência em UCs. Ainda recomendamos revisar o estado de conservação de P. asperius, incluí-la para recomposição da vegetação em áreas degradadas e criar mais UCs no Bioma Pampa. Palavras-chave: nicho ecológico, espécie endêmica, vegetação pioneira, Tibouchina asperior.
650 _aVEGETAÇÃO NATIVA
650 _aDISTRIBUIÇÃO GEOGRÁFICA
650 _aESPÉCIE EM EXTINÇÃO
773 0 _0709
_9357916
_dRio de Janeiro-RJ Jardim Botanico do Rio de Janeiro 1935
_o2025-5881
_tRodriguésia (Brazil)
_x0370-6583; 2175-7860 on-line
_gv. 73 p. 1-14; (2022)
_wBR2025002653
856 _uhttps://www.scielo.br/j/rod/a/7Nmz3pyhKcv5JXjZmy4YGds/?format=pdf&lang=en
942 _cANA
999 _c338547
_d338547